[Event "Team men HL chess 2018"]
[Site "Sochi"]
[Date "2018.05.02"]
[Round "2.4"]
[White "Shkurkin, Andrey"]
[Black "Leolko, Ludmila"]
[Result "1-0"]
[WhiteElo "2239"]
[BlackElo "1903"]
[PlyCount "85"]
[EventDate "2018.05.01"]

1. d4 d5 2. c4 e6 3. Nf3 Nf6 4. g3 b6 5. Bg2 Bb7 6. Nc3 Nbd7 7. Ne5 c5 8. cxd5
cxd4 9. Nc6 Qc8 10. Qxd4 Bc5 11. Qa4 a6 12. dxe6 fxe6 13. O-O Kf7 14. Ne4 Re8
15. Nxf6 Nxf6 16. Bg5 Nd5 17. Ne5+ Kg8 18. Qh4 Ne7 19. Bxb7 Qxb7 20. Rad1 Nf5
21. Qg4 Bd6 22. Nc4 Be7 23. e4 h5 24. Qxh5 Qxe4 25. Bxe7 Rxe7 26. Nd6 Qc2 27.
Nxf5 exf5 28. Rd6 Qc5 29. Rfd1 Rf8 30. Rd8 Ref7 31. Rxf8+ Rxf8 32. Qf3 Qc2 33.
Qd5+ Kh8 34. Rd4 f4 35. Qh5+ Kg8 36. Qd5+ Kh8 37. gxf4 Qg6+ 38. Qg5 Qb1+ 39.
Kg2 Qxb2 40. Qh5+ Kg8 41. Qd5+ Kh7 42. Rd3 Qc2 43. Qe4+ 1-0

[Event "Team men HL chess 2018"]
[Site "Sochi"]
[Date "2018.05.02"]
[Round "2.1"]
[White "Grigorjev, Iljya"]
[Black "Alexeev, Alexey"]
[Result "1-0"]
[WhiteElo "2318"]
[BlackElo "2287"]
[PlyCount "103"]
[EventDate "2018.05.01"]

1. e4 e5 2. Nf3 Nc6 3. Bb5 a6 4. Ba4 Nf6 5. O-O Be7 6. Re1 b5 7. Bb3 O-O 8. h3
d6 9. c3 Nb8 10. d4 Nbd7 11. Nbd2 Bb7 12. Bc2 Re8 13. b3 Bf8 14. d5 c6 15. c4
Qc7 16. a4 Rec8 17. Ra2 Nc5 18. a5 bxc4 19. bxc4 Rcb8 20. Nb3 Nfd7 21. Be3 cxd5
22. cxd5 Bc8 23. Nfd2 Rb4 24. Qc1 Rab8 25. Nxc5 Nxc5 26. Bd3 Rd4 27. Bxd4 exd4
28. Qc4 g6 29. e5 Qe7 30. Nf3 Rb3 31. exd6 Qxd6 32. Bf1 d3 33. Nd2 Rb5 34. Bxd3
Nxd3 35. Qxd3 Rxd5 36. Qe2 Be6 37. Ne4 Qf4 38. Ra4 Qe5 39. Ng3 Qc7 40. Qxa6 Bc5
41. Ne4 Qe5 42. Qe2 Ba7 43. Rd1 Rb5 44. Nc3 Qxe2 45. Nxe2 Bb3 46. Rd8+ Kg7 47.
Ra1 Bc4 48. Nd4 Rg5 49. Rd7 Bc5 50. Rc1 Ba2 51. Rc2 Bxd4 52. Rxa2 1-0

[Event "Team men HL chess 2018"]
[Site "Sochi"]
[Date "2018.05.02"]
[Round "2.2"]
[White "Truskavetsky, Alexandr"]
[Black "Grachev, Andrey"]
[Result "1-0"]
[WhiteElo "2387"]
[BlackElo "2189"]
[PlyCount "127"]
[EventDate "2018.05.01"]

1. d4 d5 2. c4 e6 3. Nf3 Nf6 4. g3 dxc4 5. Bg2 a6 6. a4 Nc6 7. O-O Rb8 8. Re1
b5 9. axb5 axb5 10. e4 Be7 11. b3 O-O 12. Bb2 Nb4 13. bxc4 bxc4 14. Ne5 c5 15.
Nxc4 cxd4 16. e5 Nd7 17. Bxd4 Nc5 18. Nd6 Ncd3 19. Re3 Nxe5 20. Bxe5 f6 21. Nc3
fxe5 22. Nxc8 Qxd1+ 23. Rxd1 Rbxc8 24. Bh3 Bc5 25. Bxe6+ Kh8 26. Re2 Rce8 27.
Bc4 Bd4 28. Ne4 Rc8 29. Nd6 Rcd8 30. Ne4 g6 31. Kg2 h6 32. h4 Nd5 33. Bxd5 Rxd5
34. Rc1 Rd7 35. Rc6 Kg7 36. Ra2 Ra7 37. Rac2 Raf7 38. Re6 Kh7 39. Ra6 Rf5 40.
Re6 R5f7 41. h5 gxh5 42. Rcc6 Rxf2+ 43. Nxf2 Rxf2+ 44. Kh3 Rf5 45. Rc7+ Kg8 46.
Rg6+ Kf8 47. Rxh6 e4 48. Ra6 Rf7 49. Rc4 Bf2 50. Rxe4 Kg7 51. Re5 Bd4 52. Rxh5
Re7 53. Rd5 Bf6 54. Kg4 Rc7 55. Kh5 Be7 56. Ra4 Rb7 57. g4 Rb1 58. g5 Rh1+ 59.
Rh4 Rg1 60. Rh3 Rg2 61. Re3 Rh2+ 62. Kg4 Rg2+ 63. Kh3 Bxg5 64. Ree5 1-0

[Event "Team men HL chess 2018"]
[Site "Sochi"]
[Date "2018.05.02"]
[Round "2.3"]
[White "Ajrapetian, Gevorg"]
[Black "Pervakov, Sergey"]
[Result "1-0"]
[WhiteElo "2398"]
[BlackElo "2119"]
[PlyCount "111"]
[EventDate "2018.05.01"]

1. e4 e5 2. Nf3 Nc6 3. Bc4 Bc5 4. d3 Nf6 5. O-O d6 6. c3 a6 7. Bb3 O-O 8. Bg5
h6 9. Bh4 g5 10. Bg3 Ba7 11. Nbd2 Kg7 12. Re1 Re8 13. Nf1 Bd7 14. h3 Ne7 15.
Ne3 Ng6 16. Nh2 Qc8 17. Qf3 Nf4 18. Rad1 Bc6 19. Nhg4 Nxg4 20. hxg4 Bd7 21.
Bxf4 exf4 22. Nf5+ Bxf5 23. gxf5 Qd8 24. d4 Qf6 25. g4 fxg3 26. fxg3 c6 27. Kg2
Rad8 28. Rd3 Bb8 29. Red1 Bc7 30. Rh1 Re7 31. Re3 Rde8 32. Re2 Bb6 33. Qd3 Bc7
34. Ree1 Bb6 35. Re2 Bc7 36. Bc2 Bb6 37. b4 Ba7 38. a4 b5 39. Ra1 Bb8 40. axb5
axb5 41. Ra6 Rc8 42. g4 Ree8 43. Bb3 h5 44. gxh5 Rh8 45. Qf3 g4 46. Qxg4+ Kh7
47. Kf1 Rhg8 48. Qf4 Rg5 49. Bxf7 Rf8 50. Bg6+ Kg8 51. Rxc6 d5 52. Rxf6 Bxf4
53. Rxf8+ Kxf8 54. e5 Rg3 55. e6 Be3 56. Rg2 1-0

[Event "Team men HL chess 2018"]
[Site "Sochi"]
[Date "2018.05.02"]
[Round "2.4"]
[White "Illina, Natalia"]
[Black "Marinin, Mikhail"]
[Result "1-0"]
[WhiteElo "2146"]
[BlackElo "2146"]
[PlyCount "79"]
[EventDate "2018.05.01"]

1. e4 d5 2. exd5 Qxd5 3. Nf3 Bg4 4. Be2 Nf6 5. d4 e6 6. Be3 Nc6 7. Nbd2 Be7 8.
h3 Bxf3 9. Bxf3 Qd7 10. Nc4 Nd5 11. Bc1 Bb4+ 12. Kf1 O-O 13. g3 Rad8 14. Kg2 b5
15. Ne3 Nce7 16. c3 Bd6 17. Ng4 Nf5 18. Re1 c6 19. Be4 Qc7 20. Qf3 Nde7 21. Bc2
b4 22. Ne3 bxc3 23. Nxf5 exf5 24. bxc3 f4 25. c4 fxg3 26. fxg3 Bb4 27. Bf4 Qa5
28. Re5 Qa3 29. Qxa3 Bxa3 30. Be3 Nc8 31. Ra5 Bb4 32. Ra6 Rfe8 33. Kf3 Rd6 34.
Rb1 Rf6+ 35. Ke2 Bc3 36. Kd3 Rf3 37. Kxc3 Rfxe3+ 38. Kb4 Rxg3 39. Rxc6 Nb6 40.
a4 1-0

[Event "Team men HL chess 2018"]
[Site "Sochi"]
[Date "2018.05.03"]
[Round "3.1"]
[White "Goryachkina, Aleksandra"]
[Black "Levin, Evgeny A"]
[Result "1/2-1/2"]
[WhiteElo "2496"]
[BlackElo "2528"]
[PlyCount "85"]
[EventDate "2018.05.01"]

1. d4 Nf6 2. c4 e6 3. Nc3 Bb4 4. f3 d5 5. a3 Bxc3+ 6. bxc3 c5 7. cxd5 Nxd5 8.
dxc5 f5 9. Nh3 Qa5 10. Nf4 Nc6 11. Nxd5 exd5 12. Be3 Qxc3+ 13. Kf2 d4 14. Bf4
Qxc5 15. Qb3 h6 16. h4 Ke7 17. e3 Rd8 18. Be2 dxe3+ 19. Bxe3 Nd4 20. Qb4 Qxb4
21. axb4 Nxe2 22. Kxe2 a6 23. Rhc1 Be6 24. Ra5 Rac8 25. Rxc8 Rxc8 26. Rc5 Bc4+
27. Kf2 Rxc5 28. Bxc5+ Kf7 29. Ke3 Bf1 30. g3 g5 31. hxg5 hxg5 32. f4 g4 33.
Kd4 Ke6 34. Bf8 b6 35. Bg7 Kd6 36. Bf8+ Kc6 37. Be7 Kb5 38. Bd6 Ka4 39. Kc3 a5
40. bxa5 Kxa5 41. Be7 Kb5 42. Bf8 Kc6 43. Kd4 1/2-1/2

[Event "Team men HL chess 2018"]
[Site "Sochi"]
[Date "2018.05.03"]
[Round "3.2"]
[White "Duzhakov, Ilya"]
[Black "Potapov, Pavel"]
[Result "1/2-1/2"]
[WhiteElo "2415"]
[BlackElo "2492"]
[PlyCount "130"]
[EventDate "2018.05.01"]

1. e4 c5 2. Nf3 Nc6 3. d4 cxd4 4. Nxd4 e5 5. Nb5 d6 6. N1c3 a6 7. Na3 Be7 8.
Nc4 b5 9. Ne3 Nf6 10. g3 O-O 11. Bg2 b4 12. Ncd5 Nxd5 13. Nxd5 Bg5 14. Bxg5
Qxg5 15. O-O Rb8 16. Qd3 a5 17. Rad1 Bb7 18. f4 Qd8 19. c3 bxc3 20. bxc3 Qc8
21. Rf2 Ba6 22. Qe3 Qb7 23. f5 f6 24. g4 Ne7 25. Rfd2 Rfd8 26. h4 Nxd5 27. Rxd5
Qc7 28. g5 Bc4 29. R5d2 Qb6 30. Qxb6 Rxb6 31. Bf1 Bxf1 32. Kxf1 g6 33. fxg6
hxg6 34. gxf6 Kf7 35. Rd5 Kxf6 36. Rxa5 Rh8 37. Rad5 Ke6 38. Ke2 Rxh4 39. Kd3
Rh3+ 40. Kc2 Re3 41. R5d2 Rxe4 42. Rg1 Kf7 43. Rf2+ Kg7 44. Rfg2 d5 45. Rd2 d4
46. cxd4 exd4 47. Kd3 Rh4 48. Rdg2 Ra6 49. Kc4 d3+ 50. Kxd3 Ra3+ 51. Ke2 Rxa2+
52. Kf3 Ra3+ 53. Kf2 Rf4+ 54. Ke2 Rf6 55. Rg3 Ra2+ 56. Ke3 Rb6 57. Kf3 Kf7 58.
Kg4 Ra5 59. Rf3+ Kg7 60. Rgf1 Rh5 61. Rf8 Rb7 62. R1f2 Ra5 63. R8f4 Ra1 64. Rf1
Ra8 65. R1f2 Ra5 1/2-1/2

[Event "Team men HL chess 2018"]
[Site "Sochi"]
[Date "2018.05.03"]
[Round "3.3"]
[White "Belyakov, Bogdan"]
[Black "Schekachikhin, Maksim"]
[Result "1/2-1/2"]
[WhiteElo "2479"]
[BlackElo "2400"]
[PlyCount "62"]
[EventDate "2018.05.01"]

1. e4 c6 2. d4 d5 3. Nc3 dxe4 4. Nxe4 Bf5 5. Ng3 Bg6 6. h4 h6 7. f4 e6 8. Nf3
Nd7 9. h5 Bh7 10. Bd3 Bxd3 11. Qxd3 Ngf6 12. Bd2 Qc7 13. O-O-O c5 14. dxc5 Bxc5
15. Ne4 O-O-O 16. Nxc5 Nxc5 17. Qc4 Nce4 18. Qxc7+ Kxc7 19. Ne5 Nxd2 20. Rxd2
Ne4 21. Rxd8 Rxd8 22. g4 Ng3 23. Rh2 Rd4 24. Rg2 Nf1 25. Nd3 Ne3 26. Rg3 Nd5
27. Rf3 Nf6 28. Ne5 Nd5 29. Nd3 Nf6 30. Ne5 Nd5 31. Nd3 Nf6 1/2-1/2

[Event "Team men HL chess 2018"]
[Site "Sochi"]
[Date "2018.05.03"]
[Round "3.4"]
[White "Vlasenko, Miroslav"]
[Black "Savitskiy, Sergey"]
[Result "1/2-1/2"]
[WhiteElo "2398"]
[BlackElo "2416"]
[PlyCount "124"]
[EventDate "2018.05.01"]

1. d4 d5 2. Nf3 Nf6 3. c4 e6 4. Nc3 Be7 5. Bf4 O-O 6. e3 c6 7. Qc2 Nbd7 8. cxd5
exd5 9. Bd3 g6 10. h3 Nh5 11. Bh2 f5 12. O-O Ndf6 13. Ne5 Ne4 14. Ne2 Be6 15.
f3 Bg5 16. Nf4 Bxf4 17. exf4 Nd6 18. Rae1 Re8 19. g4 Ng7 20. Bg3 Rc8 21. Qf2
Qf6 22. Bh4 Qf8 23. Bg5 b6 24. Bc2 Rc7 25. Re2 c5 26. dxc5 bxc5 27. Ba4 Rec8
28. Bh6 Qf6 29. Rfe1 fxg4 30. hxg4 Nf7 31. Nxf7 Bxf7 32. Re5 d4 33. b3 Ne6 34.
R1e4 c4 35. bxc4 Nc5 36. Qxd4 Nxe4 37. fxe4 Qh4 38. Re7 Qg3+ 39. Kh1 Qh3+ 40.
Kg1 Qg3+ 41. Kh1 Qh4+ 42. Kg2 Qxg4+ 43. Kf2 Qh4+ 44. Kg2 Qxh6 45. Rxc7 Rxc7 46.
Qd8+ Be8 47. Bxe8 Qxf4 48. Bxg6+ Kg7 49. Bf5 Qe5 50. Kf3 Re7 51. a4 h6 52. Kg4
Rb7 53. Qc8 Rc7 54. Qd8 Re7 55. a5 Qf6 56. Kf3 Rb7 57. Qd5 Rb3+ 58. Kf4 Qg5+
59. Ke5 Qf6+ 60. Kf4 Qg5+ 61. Ke5 Qf6+ 62. Kf4 Qg5+ 1/2-1/2

[Event "Team men HL chess 2018"]
[Site "Sochi"]
[Date "2018.05.03"]
[Round "3.1"]
[White "Rozum, Ivan"]
[Black "Tregubov, Pavel V"]
[Result "1/2-1/2"]
[WhiteElo "2581"]
[BlackElo "2578"]
[PlyCount "100"]
[EventDate "2018.05.01"]

1. Nf3 d5 2. g3 c5 3. Bg2 Nc6 4. d4 Nf6 5. O-O cxd4 6. Nxd4 e5 7. Nxc6 bxc6 8.
c4 Be6 9. Nc3 Rc8 10. cxd5 cxd5 11. Qa4+ Qd7 12. Qxd7+ Kxd7 13. Rd1 Bc5 14.
Nxd5 Nxd5 15. Bxd5 Bxd5 16. Rxd5+ Ke6 17. Rd1 Rhd8 18. Bd2 Bd4 19. Bb4 Bxb2 20.
Rxd8 Rxd8 21. Rb1 Bd4 22. Rc1 Bb6 23. e3 h5 24. h4 Rd5 25. Rc2 Kd7 26. Kf1 g6
27. Ke2 e4 28. Rc4 f5 29. Rc2 Rb5 30. Bf8 Ba5 31. Bc5 Rb1 32. f3 a6 33. fxe4
fxe4 34. Rc4 Rb2+ 35. Kd1 Rxa2 36. Rxe4 Rd2+ 37. Kc1 Rg2 38. Ra4 Bd8 39. Rd4+
Kc6 40. Bd6 Bb6 41. Rd3 Bxe3+ 42. Rxe3 Kxd6 43. Ra3 Kc7 44. Rxa6 Rxg3 45. Kd2
Rg4 46. Ke3 Kd7 47. Rf6 Ke7 48. Rf4 Rxf4 49. Kxf4 Kf6 50. Ke4 Ke6 1/2-1/2

[Event "Team men HL chess 2018"]
[Site "Sochi"]
[Date "2018.05.03"]
[Round "3.3"]
[White "Moiseenko, Vadim"]
[Black "Burtasova, Anna"]
[Result "1-0"]
[WhiteElo "2522"]
[BlackElo "2276"]
[PlyCount "103"]
[EventDate "2018.05.01"]

1. d4 Nf6 2. c4 c5 3. e3 e6 4. Nf3 Be7 5. Nc3 O-O 6. d5 d6 7. Bd3 e5 8. Qc2 g6
9. h3 Kg7 10. Rg1 Na6 11. a3 Nc7 12. b3 b5 13. Bb2 Rb8 14. Nd2 bxc4 15. bxc4
Ba6 16. Rb1 Nd7 17. g4 Nb6 18. Nce4 Qd7 19. Ba1 f6 20. h4 Qa4 21. Qxa4 Nxa4 22.
Ke2 Rxb1 23. Rxb1 Kf7 24. f3 Rg8 25. Ng3 Nb6 26. Bc3 f5 27. Rh1 fxg4 28. fxg4
Ne8 29. h5 gxh5 30. Nf5 Rxg4 31. Nh6+ Kf8 32. Nxg4 hxg4 33. Rxh7 Nf6 34. Rh8+
Kg7 35. Rh1 Na4 36. Ba1 Bd8 37. Rc1 Ba5 38. Ne4 Nxe4 39. Bxe4 Kh6 40. Bd3 Kg5
41. Kf2 Bd2 42. Rc2 Ba5 43. Bb2 Kh4 44. Kg2 g3 45. Bc1 Nc3 46. e4 Nd1 47. Be2
Nf2 48. Rb2 Bb6 49. Rb3 Nxe4 50. Re3 Ng5 51. Rxg3 Bd8 52. Bxg5+ 1-0

[Event "Team men HL chess 2018"]
[Site "Sochi"]
[Date "2018.05.03"]
[Round "3.4"]
[White "Golubeva, Oksana"]
[Black "Smirnov, Artem"]
[Result "0-1"]
[WhiteElo "2177"]
[BlackElo "2400"]
[PlyCount "86"]
[EventDate "2018.05.01"]

1. Nf3 d6 2. d4 Nf6 3. c4 g6 4. Nc3 Bf5 5. h3 Bg7 6. g4 Bd7 7. Bf4 c5 8. dxc5
dxc5 9. Ne5 Nc6 10. Nxd7 Nxd7 11. Bg2 O-O 12. Qd2 Nde5 13. b3 Qa5 14. Nd5 Qxd2+
15. Kxd2 e6 16. Nc3 Rad8+ 17. Kc1 Nb4 18. a3 Nbd3+ 19. exd3 Nxd3+ 20. Kc2 Nxf4
21. Bxb7 Bxc3 22. Kxc3 Rd3+ 23. Kc2 Rb8 24. Be4 Rdxb3 25. Ra2 Ne2 26. Bd3 Nc3
27. Rha1 Nxa2 28. Rxa2 Rb1 29. Be4 f5 30. gxf5 gxf5 31. Bc6 Rf1 32. Kd3 Rb3+
33. Ke2 Rfb1 34. a4 Kf7 35. h4 a6 36. h5 R1b2+ 37. Rxb2 Rxb2+ 38. Kd3 a5 39. f3
e5 40. Bb5 Kf6 41. h6 Kg5 42. Bd7 Kf6 43. Bc6 Rh2 0-1

[Event "Team men HL chess 2018"]
[Site "Sochi"]
[Date "2018.05.03"]
[Round "3.1"]
[White "Pavlov, Oleg"]
[Black "Sychev, Klementy"]
[Result "1-0"]
[WhiteElo "2145"]
[BlackElo "2550"]
[PlyCount "107"]
[EventDate "2018.05.01"]

1. d4 Nf6 2. c4 e6 3. Nf3 d5 4. Nc3 dxc4 5. e3 a6 6. a4 c5 7. Bxc4 Nc6 8. O-O
Be7 9. Qe2 O-O 10. Rd1 Qc7 11. d5 exd5 12. Nxd5 Nxd5 13. Bxd5 Bf6 14. h3 Nb4
15. e4 Re8 16. Be3 Nxd5 17. exd5 Bd7 18. Qc2 Rac8 19. a5 h6 20. Nd2 c4 21. Nf3
Qd6 22. Bd4 Bxd4 23. Rxd4 Rc5 24. Qd2 Rb5 25. Rc1 Rc8 26. Rcxc4 Rxc4 27. Rxc4
Rxd5 28. Rd4 Bc6 29. b4 f6 30. Rxd5 Qxd5 31. Qxd5+ Bxd5 32. Nd4 Kf7 33. f3 g6
34. Kf2 Ke7 35. Ke3 Kd6 36. h4 Bf7 37. Ke4 Ba2 38. Ne2 Bc4 39. Nc3 Bf1 40. g3
Bg2 41. Ke3 Ke5 42. Ne4 Bh3 43. f4+ Kd5 44. Nxf6+ Kc4 45. g4 Kxb4 46. f5 gxf5
47. g5 hxg5 48. hxg5 Bf1 49. Kd4 f4 50. Nd5+ Kxa5 51. g6 Bh3 52. Ke5 f3 53. g7
f2 54. Ne3 1-0

[Event "Team men HL chess 2018"]
[Site "Sochi"]
[Date "2018.05.03"]
[Round "3.2"]
[White "Demidov, Mikhail"]
[Black "Poliakov, Artem"]
[Result "1-0"]
[WhiteElo "2511"]
[BlackElo "2105"]
[PlyCount "113"]
[EventDate "2018.05.01"]

1. Nf3 d6 2. d4 f5 3. g3 Nf6 4. Bg2 g6 5. b4 Bg7 6. Bb2 O-O 7. c4 a5 8. b5 Ne4
9. Nbd2 c5 10. O-O Ra7 11. e3 Nxd2 12. Qxd2 b6 13. Rad1 Bf6 14. dxc5 bxc5 15.
Bxf6 Rxf6 16. e4 fxe4 17. Ng5 Nd7 18. Nxe4 Rf8 19. Rfe1 Qb6 20. Nxd6 exd6 21.
Bd5+ Kh8 22. Re7 Nf6 23. Qh6 Rg8 24. Rxa7 Qxa7 25. Bxg8 Kxg8 26. Qf4 Qe7 27.
Qxd6 Kf7 28. b6 Qxd6 29. Rxd6 Bb7 30. Rd8 Ke7 31. Rb8 Bf3 32. Rh8 h5 33. Kf1
Ke6 34. Ke1 Nd7 35. Rg8 Be4 36. f3 Bxf3 37. Rxg6+ Kf7 38. Rh6 Nf6 39. Rh8 Nd7
40. Kf2 Bh1 41. Rh7+ Ke8 42. Rxh5 Nxb6 43. Rxc5 a4 44. Ke3 Kd7 45. Kd4 Bf3 46.
Rf5 Be2 47. c5 Na8 48. Rf7+ Kc6 49. Ra7 Nc7 50. Rxa4 Ne6+ 51. Ke5 Nxc5 52. Rd4
Nd7+ 53. Kf5 Bf1 54. h4 Bh3+ 55. g4 Kc7 56. h5 Nf8 57. h6 1-0

[Event "Team men HL chess 2018"]
[Site "Sochi"]
[Date "2018.05.03"]
[Round "3.3"]
[White "Mutovin, Egor"]
[Black "Nikolenko, Oleg"]
[Result "0-1"]
[WhiteElo "1929"]
[BlackElo "2480"]
[PlyCount "70"]
[EventDate "2018.05.01"]

1. d4 Nf6 2. c4 e6 3. Nf3 b6 4. g3 Ba6 5. b3 Bb4+ 6. Bd2 Be7 7. Bc3 d5 8. Nbd2
c6 9. Bg2 O-O 10. O-O Nbd7 11. e4 Nxe4 12. Nxe4 dxe4 13. Ne5 Nxe5 14. dxe5 b5
15. cxb5 cxb5 16. Bxe4 b4 17. Bb2 Bxf1 18. Bxa8 Qxa8 19. Qxf1 Qe4 20. Re1 Qc2
21. Re2 Qd3 22. Re3 Qd5 23. Qd3 Qa5 24. Qb1 Rd8 25. Re2 h5 26. h4 Qa6 27. Re1
Rd2 28. Rd1 Rxd1+ 29. Qxd1 Qxa2 30. Qc2 Bf8 31. Kh2 a5 32. Kg1 g6 33. Kh2 Bg7
34. Kg1 Kh7 35. Kh2 Bxe5 0-1

[Event "Team men HL chess 2018"]
[Site "Sochi"]
[Date "2018.05.03"]
[Round "3.4"]
[White "Saulin, Dmitri"]
[Black "Zhukov, Ivan"]
[Result "1-0"]
[WhiteElo "2376"]
[BlackElo "2097"]
[PlyCount "99"]
[EventDate "2018.05.01"]

1. d4 Nf6 2. c4 g6 3. Nc3 Bg7 4. e4 d6 5. Nf3 O-O 6. Be2 e5 7. d5 a5 8. Be3 Na6
9. Nd2 Nd7 10. O-O f5 11. f3 f4 12. Bf2 Nac5 13. b3 g5 14. a3 Rf7 15. Rb1 Nf6
16. b4 axb4 17. axb4 Ncd7 18. c5 Bf8 19. c6 Nb8 20. b5 bxc6 21. dxc6 Rg7 22.
Nd5 Nxd5 23. exd5 Bf5 24. Rb4 h5 25. b6 cxb6 26. Bxb6 Qc8 27. Ne4 Be7 28. Ra4
Na6 29. Kh1 Nc7 30. Bxc7 Rxa4 31. Qxa4 Qxc7 32. Rb1 Kh7 33. Bd3 Kh6 34. Nf2 Bc8
35. Qa8 Rg8 36. Rb7 Qd8 37. Rb8 Qc7 38. h3 Rf8 39. Kg1 Rd8 40. Ba6 Bxa6 41.
Rxd8 Bxd8 42. Qxa6 Kg6 43. Ne4 g4 44. hxg4 hxg4 45. fxg4 Bh4 46. Kf1 Bg3 47.
Ke2 Qf7 48. Qd3 Kg7 49. Ng5 Qg8 50. Qh7+ 1-0

[Event "Team men HL chess 2018"]
[Site "Sochi"]
[Date "2018.05.03"]
[Round "3.1"]
[White "Rychagov, Andrey"]
[Black "Panarin, Mikhail"]
[Result "1/2-1/2"]
[WhiteElo "2534"]
[BlackElo "2551"]
[PlyCount "75"]
[EventDate "2018.05.01"]

1. d4 Nf6 2. c4 e6 3. Nf3 d5 4. Nc3 dxc4 5. e3 a6 6. Bxc4 b5 7. Be2 Bb7 8. O-O
c5 9. dxc5 Qxd1 10. Rxd1 Bxc5 11. Nd2 Nbd7 12. Nb3 Bb6 13. a4 b4 14. a5 Ba7 15.
Na2 Bd5 16. Nd4 Bxd4 17. exd4 Bxa2 18. Rxa2 Nd5 19. Bd2 Nb8 20. Rc1 Kd7 21. Bd1
Nc6 22. Ba4 Rhc8 23. b3 Rc7 24. Rac2 Rac8 25. Rc5 Kd6 26. R1c4 Nce7 27. Bxb4
Nxb4 28. Rxb4 Rxc5 29. dxc5+ Rxc5 30. g3 Rxa5 31. Rb7 e5 32. Kg2 f5 33. Rb6+
Kd5 34. Rb7 Kd6 35. Rb6+ Kd5 36. Rb7 Kd6 37. Rb6+ Kd5 38. Rb7 1/2-1/2

[Event "Team men HL chess 2018"]
[Site "Sochi"]
[Date "2018.05.03"]
[Round "3.2"]
[White "Zakaryan, David"]
[Black "Novikov, Stanislav"]
[Result "0-1"]
[WhiteElo "2398"]
[BlackElo "2540"]
[PlyCount "42"]
[EventDate "2018.05.01"]

1. Nf3 d5 2. c4 e6 3. g3 Nf6 4. Bg2 c6 5. Qc2 Bd6 6. d4 Nbd7 7. O-O O-O 8. Rd1
Ne4 9. Ne5 f5 10. Nd3 Qf6 11. Be3 h5 12. f3 Ng5 13. Nf4 h4 14. gxh4 Nh7 15. h5
Qh4 16. Qd2 Ndf6 17. cxd5 Nxd5 18. Nh3 f4 19. Bf2 Qxh5 20. Kf1 e5 21. Ng1 e4
0-1

[Event "Team men HL chess 2018"]
[Site "Sochi"]
[Date "2018.05.03"]
[Round "3.3"]
[White "Obolentseva, Alexandra"]
[Black "Oganian, Miran"]
[Result "0-1"]
[WhiteElo "2316"]
[BlackElo "2422"]
[PlyCount "106"]
[EventDate "2018.05.01"]

1. c4 Nf6 2. g3 e6 3. Bg2 d5 4. Nf3 Be7 5. O-O O-O 6. Qc2 d4 7. e3 c5 8. exd4
cxd4 9. d3 Nc6 10. Re1 Nd7 11. b3 e5 12. Ba3 Bxa3 13. Nxa3 Re8 14. Qd2 a5 15.
Ng5 Nc5 16. Ne4 Nxe4 17. Bxe4 Qb6 18. Nc2 Bd7 19. a3 Nd8 20. b4 Bc6 21. Qe2
Bxe4 22. Qxe4 Re6 23. f4 f6 24. f5 Re7 25. Rab1 Rd7 26. bxa5 Qxa5 27. Rb5 Qc3
28. Re2 Rb8 29. Kf2 Nf7 30. h4 Rbd8 31. c5 Rc7 32. Nb4 Rxc5 33. Qxb7 Rxb5 34.
Qxb5 Qxa3 35. Ra2 Qb3 36. Qb7 h5 37. Ra7 Rf8 38. Qe7 Qb2+ 39. Kf3 Qb1 40. Kg2
Qe1 41. Nd5 Qe2+ 42. Kg1 Qxd3 43. Qe6 Qxg3+ 44. Kf1 Qf3+ 45. Kg1 Kh8 46. Rc7 d3
47. Ne7 Qg3+ 48. Kf1 Qf3+ 49. Kg1 Kh7 50. Ng6 Ra8 51. Kh2 Nh6 52. Nxe5 Qf4+ 53.
Kg2 Qxe5 0-1

[Event "Team men HL chess 2018"]
[Site "Sochi"]
[Date "2018.05.03"]
[Round "3.4"]
[White "Kudelya, Igor"]
[Black "Yeritsyan, Aram"]
[Result "0-1"]
[WhiteElo "2341"]
[BlackElo "2332"]
[PlyCount "88"]
[EventDate "2018.05.01"]

1. g3 Nf6 2. Bg2 e6 3. b3 d5 4. Bb2 Be7 5. e3 b5 6. Ne2 Bb7 7. h3 Nbd7 8. d3 c5
9. O-O O-O 10. Nd2 Qc7 11. g4 a5 12. f4 a4 13. g5 Ne8 14. Nf3 a3 15. Bc3 b4 16.
Be1 e5 17. fxe5 Nxe5 18. Bg3 Nxf3+ 19. Rxf3 Qd8 20. h4 f6 21. Nf4 Nc7 22. g6 h6
23. Qe2 Bd6 24. Raf1 Qe7 25. Bh3 Bxf4 26. Bxf4 Nb5 27. Rg3 Bc8 28. Bxc8 Raxc8
29. Qh5 Nc3 30. Kh2 f5 31. Rfg1 Rc6 32. Ra1 Re6 33. Bg5 Qe8 34. Bf4 Rff6 35.
Rg2 Rc6 36. Rg3 Qe6 37. Rag1 Nxa2 38. Bxh6 gxh6 39. Qxh6 Qd7 40. h5 Nc3 41. Qg5
Ne2 42. h6 Nxg3 43. h7+ Kh8 44. Qxg3 Rxg6 0-1

[Event "Team men HL chess 2018"]
[Site "Sochi"]
[Date "2018.05.03"]
[Round "3.1"]
[White "Novikov, Konstantin"]
[Black "Utnasunov, Alexander"]
[Result "1/2-1/2"]
[WhiteElo "2255"]
[BlackElo "2446"]
[PlyCount "97"]
[EventDate "2018.05.01"]

1. e4 c5 2. Nf3 d6 3. c3 Nf6 4. h3 g6 5. Bd3 Bg7 6. Bc2 O-O 7. d4 Nc6 8. O-O
cxd4 9. cxd4 Nb4 10. Nc3 Nxc2 11. Qxc2 Be6 12. Bg5 h6 13. Be3 Qa5 14. Qd2 Kh7
15. d5 Bd7 16. Nd4 Rac8 17. f4 Ne8 18. Rae1 Rc4 19. Kh1 b5 20. a3 b4 21. Nce2
Nf6 22. b3 Nxe4 23. Qd3 Rxd4 24. Bxd4 Qxd5 25. a4 e5 26. fxe5 dxe5 27. Nf4 Ng3+
28. Qxg3 exf4 29. Rxf4 Bxd4 30. Rd1 Bf2 31. Qf3 Qxf3 32. Rxf3 Be6 33. Rxf2 Bxb3
34. Rd7 a5 35. Ra7 Bxa4 36. Rfxf7+ Rxf7 37. Rxf7+ Kg8 38. Ra7 Bc2 39. Rxa5 b3
40. Rb5 h5 41. Kg1 Kf7 42. Kf2 Ke6 43. Ke3 Kf6 44. Kd4 Ke6 45. g4 hxg4 46. hxg4
Kf6 47. g5+ Ke6 48. Kc3 Kd6 49. Ra5 1/2-1/2

[Event "Team men HL chess 2018"]
[Site "Sochi"]
[Date "2018.05.03"]
[Round "3.2"]
[White "Tekeyev, Zaur"]
[Black "Novikov, Maxim"]
[Result "1-0"]
[WhiteElo "2378"]
[BlackElo "2488"]
[PlyCount "51"]
[EventDate "2018.05.01"]

1. e4 d6 2. d4 Nf6 3. Nc3 Nbd7 4. Nf3 e5 5. Bc4 Be7 6. a4 O-O 7. O-O exd4 8.
Nxd4 Ne5 9. Ba2 Nc6 10. Re1 Nb4 11. Bb1 c5 12. Nde2 d5 13. Nxd5 Nbxd5 14. exd5
Nxd5 15. c3 Be6 16. Be4 Qd6 17. Qc2 f5 18. Bf3 Rad8 19. Bd2 Qc7 20. Ng3 Bc8 21.
Qb3 c4 22. Qb5 Qc5 23. Qxc5 Bxc5 24. Bg5 Rd6 25. Re5 f4 26. Bxd5+ 1-0

[Event "Team men HL chess 2018"]
[Site "Sochi"]
[Date "2018.05.03"]
[Round "3.3"]
[White "Sadovsky, Artem"]
[Black "Nechaev, Oleg"]
[Result "1-0"]
[WhiteElo "2393"]
[BlackElo "2410"]
[PlyCount "67"]
[EventDate "2018.05.01"]

1. d4 Nf6 2. g3 c5 3. d5 b5 4. Bg2 d6 5. e4 Nbd7 6. f4 Bb7 7. Qe2 Qb6 8. a4 b4
9. a5 Qa6 10. Qe3 Qc4 11. Nd2 Qxc2 12. Bf1 c4 13. Bxc4 Rc8 14. a6 Ba8 15. Qxa7
Nxe4 16. Bb5 Nec5 17. Ngf3 Bxd5 18. Nd4 Qg6 19. O-O h5 20. N4b3 Qe6 21. Nxc5
dxc5 22. Nf3 f6 23. f5 Qxf5 24. Ne5 Qxe5 25. Qxd7+ Kf7 26. Qxc8 Qd4+ 27. Rf2
Qe4 28. Kf1 Qh1+ 29. Ke2 h4 30. g4 c4 31. Be8+ Kg8 32. Bg6 Rh6 33. Bb1 f5 34.
Bxh6 1-0

[Event "Team men HL chess 2018"]
[Site "Sochi"]
[Date "2018.05.03"]
[Round "3.4"]
[White "Rozhko, Dmitry"]
[Black "Shkurkin, Andrey"]
[Result "1-0"]
[WhiteElo "2305"]
[BlackElo "2239"]
[PlyCount "93"]
[EventDate "2018.05.01"]

1. e4 c5 2. c3 g6 3. d4 cxd4 4. cxd4 d5 5. exd5 Nf6 6. Nc3 Bg7 7. Bc4 O-O 8.
Nge2 Nbd7 9. Bb3 Nb6 10. Nf4 Bf5 11. O-O Rc8 12. Re1 Qd7 13. h3 h6 14. g4 g5
15. Ne6 fxe6 16. dxe6 Qc6 17. d5 Qd6 18. gxf5 Rcd8 19. Qf3 Qb4 20. Be3 Nc4 21.
Bxc4 Qxc4 22. Red1 Ne8 23. Qg4 Rc8 24. Ne4 Nf6 25. Nxf6+ Bxf6 26. Qh5 Qe4 27.
Qg6+ Kh8 28. Qxh6+ Kg8 29. Qg6+ Kh8 30. Qh5+ Kg7 31. Qg4 Rc4 32. Qxe4 Rxe4 33.
d6 exd6 34. Rxd6 Kh6 35. Rad1 a6 36. h4 Kh5 37. hxg5 Bxg5 38. R1d5 Bf6 39. Kg2
b5 40. Kf3 Re5 41. Rxe5 Bxe5 42. Rd5 Bxb2 43. Bc5 Rc8 44. f6+ Kg6 45. f7 Bg7
46. e7 Kxf7 47. Rd8 1-0